Introduccion a la investigacion de mercados: enfoque para America Latina/ (Registro nro. 9199)

Detalles MARC
000 -LEADER
fixed length control field 01173nam a2200205Ia 4500
005 - FECHA Y HORA DE LA ÚLTIMA TRANSACCIÓN
control field 20230908105344.0
008 - FIXED-LENGTH DATA ELEMENTS--GENERAL INFORMATION
fixed length control field 230906s9999 xx 000 0 und d
020 ## - INTERNATIONAL STANDARD BOOK NUMBER
International Standard Book Number 9789702615125
040 ## - CATALOGING SOURCE
Original cataloging agency UPAN
Transcribing agency Biblioteca San Vicente
Description conventions RCAA2
041 ## - LANGUAGE CODE
Language code of text/sound track or separate title spa
082 ## - DEWEY DECIMAL CLASSIFICATION NUMBER
Classification number 658.83
Item number B463i
año de publicación 2009
100 ## - MAIN ENTRY--PERSONAL NAME
Personal name Benassini, Marcela
Relator code aut.
245 #0 - TITLE STATEMENT
Title Introduccion a la investigacion de mercados: enfoque para America Latina/
Remainder of title Marcela Benassini
250 ## - EDITION STATEMENT
Edition statement 2° ed.
260 ## - PUBLICATION, DISTRIBUTION, ETC. (IMPRINT)
Place of publication, distribution, etc México:
Name of publisher, distributor, etc Pearson ,
Date of publication, distribution, etc 2006
300 ## - PHYSICAL DESCRIPTION
Extent 269 p.;
Dimensions 26 cm.
505 ## - FORMATTED CONTENTS NOTE
Formatted contents note Capitulo 1. Investigación de mercados<br/>Capitulo 2. Formulación del problema<br/>Capitulo 3. El diseño de la investigación: investigación exploratoria<br/>Capitulo 4. Investigación cualitativa <br/>Capitulo 5. Investigación concluyente<br/>Capitulo 6. Cómo diseñar un cuestionario<br/>Capitulo 7. Investigación de motivaciones<br/>Capitulo 8. Muestreo<br/>Capitulo 9. El trabajo de campo, la revisión, verificación y captura de los datos <br/>Capitulo 10. Distribución de frecuencias, tabulación cruzada y pruebas de hipótesis <br/>Capitulo 11. La redacción del reporte
650 ## - SUBJECT ADDED ENTRY--TOPICAL TERM
Source of heading or term LEMB
Topical term or geographic name as entry element Investigación
General subdivision Mercado
9 (RLIN) 3
942 ## - ADDED ENTRY ELEMENTS (KOHA)
Koha item type Libros
Source of classification or shelving scheme Dewey Decimal Classification
Existencias
Withdrawn status Lost status Source of classification or shelving scheme Damaged status Not for loan Collection code Home library Current library Date acquired Total Checkouts Full call number Barcode Date last seen Copy number Price effective from Koha item type
    Dewey Decimal Classification     Colección General Biblioteca UPAN San Vicente Biblioteca UPAN San Vicente 06/09/2023   658.83 B463i 12003277 06/09/2023 01 06/09/2023 Libros
    Dewey Decimal Classification     Colección General Biblioteca UPAN San Vicente Biblioteca UPAN San Vicente 06/09/2023   658.83 B463i 12003276 08/09/2023 02 06/09/2023 Libros
    Dewey Decimal Classification     Colección General Biblioteca UPAN San Vicente Biblioteca UPAN San Vicente 06/09/2023   658.83 B463i 12003278 08/09/2023 03 06/09/2023 Libros